000 00861nam a22002297a 4500
999 _c64693
_d64693
005 20240530110745.0
008 181125s2018 ua f 000 0 ara d
040 _aEG-CaGPL
_cEG-CaGPL
082 0 4 _221
_a306 /
_bق/ف ا
100 0 _aفاروق احمد مصطفى
245 1 2 _aالانثروبولوجيا التطبيقية /
_cفاروق احمد مصطفى
260 _aالاسكندرية :
_bدار المعرفة الجامعية ،
_c2018.
300 _a252 ص. ؛
_c24 سم.
650 0 7 _2qrmak
_aالانثروبولوجيا
650 0 7 _2qrmak
_aالسلالات البشرية
650 0 7 _2qrmak
_aالانثروبولوجيا التطبيقية
650 0 7 _2qrmak
_aالتغير الاجتماعى
650 0 7 _2qrmak
_aتنظيم المجتمع
651 _2qrmak
942 _2ddc
_cBK